Music Quiz

Random Music or Rock Quiz
Score 0/15 Timer 00:30
2 Plays Today
Question Answer Wrong Answers
American Idiot Green Day
76.9%
Linkin Park
4.4%
Purple Rain Prince
76.7%
Jimi Hendrix
5%
Back in Black AC/DC
76.5%
Metallica
4.8%
Jagged Little Pill Alanis Morissette
73.6%
Sheryl Crow
7%
A Night at the Opera Queen
73.4%
Pink Floyd
7.8%
Nevermind Nirvana
73.4%
Pearl Jam
7.4%
OK Computer Radiohead
73.3%
Coldplay
7.4%
Combat Rock The Clash
69.7%
U2
10.4%
Elephant The White Stripes
68%
Fleetwood Mac
12.9%
Straight Outta Compton N.W.A
67.8%
Public Enemy
13%
Revolver The Beatles
67.2%
The Rolling Stones
14%
Highway 61 Revisited Bob Dylan
64.4%
Bruce Springsteen
16%
Physical Graffiti Led Zeppelin
64.1%
Black Sabbath
16.1%
Definitely Maybe Oasis
63.3%
Blur
16.5%
Pet Sounds The Beach Boys
62.4%
The Pet Shop Boys
19%
Remove Ads.
Support Sporcle.
Get the best of Sporcle when you Go Orange. This ad-free experience offers more features, more stats, and more fun while also helping to support Sporcle. Thank you for becoming a member.

You're not logged in!

Compare scores with friends on all Sporcle quizzes.
OR
Log In

Show Comments

Extras

Top Quizzes Today


Score Distribution

Your Account Isn't Verified!

In order to create a playlist on Sporcle, you need to verify the email address you used during registration. Go to your Sporcle Settings to finish the process.

Report this User

Report this user for behavior that violates our Community Guidelines.

Details: